000 00520nam a22001577a 4500
003 NUST
038 _aNusrat Nadeem
082 _a200
100 _aAhmed, Saeed
_962544
245 _aTable Structure Recognition from Heterogenous Documents using Deep Learning/
_cSaeed Ahmed,
264 _aIslamabad:
_bSEECS NUST.
_c2025.
650 _aMS-Artificial Intelligence
_9124951
700 _aSupervisor: Dr. Muhammad Imran Malik
_996855
856 _uhttp://10.250.8.41:8080/xmlui/handle/123456789/54624
942 _2ddc
_cSC
999 _c614760
_d614760